Southern Capitals (A-Z) Quiz Stats

 Plays Quiz Updated Jan 27, 2020

     
Support Sporcle.
Go Orange.
Score 0/24 Timer 10:00
0 Plays Today
Letter Capital % Correct
CCanberra, Australia
90%
WWellington, New Zealand
87.2%
BBuenos Aires, Argentina
85.5%
SSantiago, Chile
82%
PPretoria, South Africa
73%
MMontevideo, Uruguay
66.8%
JJakarta, Indonesia
64.6%
QQuito, Ecuador
63.3%
AAsunciĆ³n, Paraguay
54.3%
LLa Paz, Bolivia
52.3%
HHarare, Zimbabwe
47.4%
ZZagreb, Croatia
47.1%
Letter Capital % Correct
KKinshasa, Democratic Republic of the Congo
37.2%
DDili, Timor-Leste
36.2%
FFunafuti, Tuvalu
35.4%
GGaborone, Botswana
34.3%
UUlaanbaatar, Mongolia
33.9%
IIslamabad, Pakistan
33%
YYaren, Nauru
31.3%
VVictoria, Seychelles
30.1%
NNuku'Alofa, Tonga
26.8%
OOuagadougou, Burkina Faso
25.5%
TTarawa, Kiribati
23%
RRoseau, Dominica
14.3%

From the Vault

Movie Taglines (1980s Comedies)

by waydivo

Movies 8m
Don't get him wet, keep him out of bright light, and never feed him after midnight.
Remove Ads.
Support Sporcle.
Get the best of Sporcle when you Go Orange. This ad-free experience offers more features, more stats, and more fun while also helping to support Sporcle. Thank you for becoming a member.

Show Comments

Extras

Top Quizzes Today


Score Distribution

Your Account Isn't Verified!

In order to create a playlist on Sporcle, you need to verify the email address you used during registration. Go to your Sporcle Settings to finish the process.

Report this User

Report this user for behavior that violates our Community Guidelines.

Details: